Born in Chelmsford - Statistics

General Stats
  • This quiz has been taken 19 times
  • The average score is 2 of 5
Answer Stats
Hint Answer % Correct
Chief executive of Manchester United from 2012 to 2022 1971 Ed Woodward
56%
Actor, best known for his role as Simon Cooper in "The Inbetweeners" 1983 Joe Thomas
56%
DJ and record producer, "Fast Car" "Perfect Strangers" "Mama" 1989 Jonas Blue
44%
Lawyer who succesfully defend the Queen of the United Kingdom, Caroline of Brunswick, at her trial for adultery in 1820 1776 Nicholas Conyngham Tindal
38%
Actor, best known for his role as Paul "Jesus" Rovia in "The Walking Dead" 1982 Tom Payne
19%
No matching quizzes found
Score Distribution
Percent of People with Each Score
Percentile by Number Answered
Your Score History
You have not taken this quiz